书目信息 |
| 题名: |
绿色建筑节水设计
|
|
| 作者: | 李继业 , 张雷 , 王鹏 主编 | |
| 分册: | ||
| 出版信息: | 北京 化学工业出版社 2016.7 |
|
| 页数: | 293页 | |
| 开本: | 26cm | |
| 丛书名: | 绿色建筑工程设计技术丛书 | |
| 单 册: | ||
| 中图分类: | TU18 | |
| 科图分类: | ||
| 主题词: | 生态建筑--建筑设计--节约用水 | |
| 电子资源: | ||
| ISBN: | 978-7-122-25478-8 | |
| 000 | 01052nam 2200301 450 | |
| 001 | 0400002782 | |
| 005 | 20171021141549.0 | |
| 010 | @a978-7-122-25478-8@dCNY78.00 | |
| 100 | @a20160718d2016 em y0chiy50 ea | |
| 101 | 0 | @achi |
| 102 | @aCN@b110000 | |
| 105 | @aa z 000yy | |
| 106 | @ar | |
| 200 | 1 | @a绿色建筑节水设计@9lv se jian zhu jie shui she ji@f李继业,张雷,王鹏主编 |
| 210 | @a北京@c化学工业出版社@d2016.7 | |
| 215 | @a293页@c图@d26cm | |
| 225 | 1 | @a绿色建筑工程设计技术丛书 |
| 307 | @a实际页数为:294 | |
| 320 | @a有书目(第294页) | |
| 330 | @a本书根据我国新规范、标准和方法,比较系统地介绍了水资源基本知识、水资源量与水质评价、绿色建筑的水系统节水、绿色建筑节水设计与技术、城市节水主要技术、绿色建筑有关节水的规范和标准等内容。 | |
| 410 | 0 | @12001 @a绿色建筑工程设计技术丛书 |
| 606 | 0 | @a生态建筑@x建筑设计@x节约用水 |
| 690 | @aTU18@v5 | |
| 701 | 0 | @a李继业@9li ji ye@4主编 |
| 701 | 0 | @a张雷@9zhang lei@4主编 |
| 701 | 0 | @a王鹏@9wang peng@4主编 |
| 801 | 0 | @aCN@b91MARC@c20171021 |
| 905 | @b1032695-9@dTU18@f5@e1150 | |
| 绿色建筑节水设计/李继业,张雷,王鹏主编.-北京:化学工业出版社,2016.7 |
| 293页:图;26cm.-(绿色建筑工程设计技术丛书) |
| ISBN 978-7-122-25478-8:CNY78.00 |
| 本书根据我国新规范、标准和方法,比较系统地介绍了水资源基本知识、水资源量与水质评价、绿色建筑的水系统节水、绿色建筑节水设计与技术、城市节水主要技术、绿色建筑有关节水的规范和标准等内容。 |
| ● |
| 相关链接 |
|
|
|
|
正题名:绿色建筑节水设计
索取号:TU18/1150
 
预约/预借
| 序号 | 登录号 | 条形码 | 馆藏地/架位号 | 状态 | 备注 |
| 1 | 1032695 | 210326958 | 第二样本阅览室/ [索取号:TU18/1150] | 在馆 | |
| 2 | 1032696 | 210326967 | 密集书库-生命科学系/ [索取号:TU18/1150] | 在馆 | |
| 3 | 1032697 | 210326976 | 第三借阅区/ [索取号:TU18/1150] | 在馆 | |
| 4 | 1032698 | 210326985 | 第三借阅区/ [索取号:TU18/1150] | 在馆 | |
| 5 | 1032699 | 210326994 | 第三借阅区/ [索取号:TU18/1150] | 在馆 |